| 000 | 00000nam##2200000za#4500 |
| 001 | 9.640554 |
| 003 | CaOODSP |
| 005 | 20250611103604 |
| 007 | cr ||||||||||| |
| 008 | 150407|2010||||xxc|||||o f|0| 0 fre|d |
| 040 | |aCaOODSP|bfre |
| 043 | |an-cn--- |
| 086 | 1 |aA80-924/6-2010F-PDF |
| 110 | 1 |aCanada. |bAgriculture et agroalimentaire Canada. |
| 245 | 10|aForum sur les politiques concernant les coopératives : |h[ressource électronique]|brapport de discussion, 23-24 mars 2010, Ottawa (Ontario) / |crédigé par Intersol pour le Secrétariat rural et aux coopératives. |
| 260 | |aOttawa - Ontario : |bAgriculture et Agroalimentaire Canada |cc2010. |
| 300 | |a48p. |
| 590 | |a12-32-Supp|b2012-07-11 |
| 691 | 07|aCoopérative|2gcpds |
| 775 | 08|tPolicy Forum on Co-operatives : |w(CaOODSP)9.696439 |
| 856 | 40|ahttp://publications.gc.ca|qPDF|s526 Ko|uhttps://publications.gc.ca/collections/collection_2012/agr/A80-924-6-2010-fra.pdf |